| 000 | 00690nam a2200181Ia 4500 | ||
|---|---|---|---|
| 008 | 090124s9999 xx 000 0 und d | ||
| 082 | _b117251 | ||
| 100 | _aखानोलकर चिं.त्र्यं.(चिंतामणी त्र्यंबक)(आरती | ||
| 245 | _a बाप | ||
| 250 | _a1 | ||
| 260 | _c1978 | ||
| 300 | _a128 | ||
| 600 | _aखानोलकर चिं.त्र्यं.(चिंतामणी त्र्यंबक)(आरती | ||
| 630 | _a बाप | ||
| 700 | _aखानोलकर चिं.त्र्यं.(चिंतामणी त्र्यंबक)(आरती | ||
| 730 | _a बाप | ||
| 942 | _cBOOK | ||
| 999 |
_c163337 _d163337 |
||